IFM Opac

WRITING BEHAVIORAL OBJECTIVES (Record no. 13288)

MARC details
000 -LEADER
fixed length control field 00283nam a22001217a 4500
082 ## - DEWEY DECIMAL CLASSIFICATION NUMBER
Classification number 370.11 MCA
100 ## - MAIN ENTRY--PERSONAL NAME
Personal name MCASHAN H.H
245 ## - TITLE STATEMENT
Title WRITING BEHAVIORAL OBJECTIVES
260 ## - PUBLICATION, DISTRIBUTION, ETC.
Place of publication, distribution, etc. LONDON
Name of publisher, distributor, etc. HARPER
Date of publication, distribution, etc. 1970
300 ## - PHYSICAL DESCRIPTION
Extent XI,116P.
650 ## - SUBJECT ADDED ENTRY--TOPICAL TERM
Topical term or geographic name entry element WRITING BEHAVIORAL OBJECTIVES
942 ## - ADDED ENTRY ELEMENTS (KOHA)
Koha item type Books
Holdings
Withdrawn status Lost status Source of classification or shelving scheme Damaged status Not for loan Home library Current library Shelving location Date acquired Full call number Barcode Date last seen Price effective from Koha item type Total Checkouts
    Dewey Decimal Classification     IFM Main Campus Library IFM Main Campus Library   10/30/2015 370.11 MCA 0000011652 10/30/2015 10/30/2015 Books  
Withdrawn         IFM Main Campus Library IFM Main Campus Library Archival Collection 10/30/2015 370.11 MCA 0000011653 10/30/2015 02/19/2022 Books